000 00722nam a22002657a 4500
001 BR9507960
003 BR-BrBNA
005 20230928094730.0
007 ta
008 230509b bl.||||| |||| 00| 0 por d
040 _aBR-BrBNA
_bpor
_cBiblioteca Nacional de Agricultura
041 _a(Por)
072 _aC20
090 _ C20 BR9507960
110 1 _aCentro de Treinamento e Informacao do Sul, Pelotas, RS (Brasil)
_91675
245 1 _aExtensao rural. Coletanea. Vol. 2
260 3 _aPelotas, RS (Brasil):
_c1964.
300 _a195 p.
500 _a49 ref.
650 _aExtensao Rural
650 _aAssistencia Tecnica
650 _aJuventude Rural
909 _a202309
_bLucia
_c55
_dLucia Elande
942 _cBK
999 _c52336
_d52336